UM Logo

Management: (Record no. 4994)

MARC details
000 -LEADER
fixed length control field 00701nam a22002057a 4500
008 - FIXED-LENGTH DATA ELEMENTS--GENERAL INFORMATION
fixed length control field 161001b xxu||||| |||| 00| 0 eng d
020 ## - INTERNATIONAL STANDARD BOOK NUMBER
International Standard Book Number 007471189X
082 ## - DEWEY DECIMAL CLASSIFICATION NUMBER
Edition number 2001
Classification number DC 658.4
Item number M31
245 ## - TITLE STATEMENT
Title Management:
Remainder of title a pacific rim focus
Statement of responsibility, etc. Bartol, Kathryn M. [and 3 others].
250 ## - EDITION STATEMENT
Edition statement 3rd edition
260 ## - PUBLICATION, DISTRIBUTION, ETC. (IMPRINT)
Place of publication, distribution, etc. Beijing:
Name of publisher, distributor, etc. McGraw-Hill,
Date of publication, distribution, etc. c2001.
300 ## - PHYSICAL DESCRIPTION
Extent xxxiii, 734 pages:
Other physical details illustrations;
Dimensions 24 cm.
500 ## - GENERAL NOTE
General note Includes bibliographical references and index
650 #0 - SUBJECT ADDED ENTRY--TOPICAL TERM
9 (RLIN) 15654
Topical term or geographic name as entry element Management
700 ## - ADDED ENTRY--PERSONAL NAME
9 (RLIN) 15655
Personal name Bartol, Kathryn
Relator term Author
700 ## - ADDED ENTRY--PERSONAL NAME
9 (RLIN) 15656
Personal name Tein, Margaret
Relator term Author
700 ## - ADDED ENTRY--PERSONAL NAME
9 (RLIN) 15657
Personal name Matthews, Gharam
Relator term Author
700 ## - ADDED ENTRY--PERSONAL NAME
9 (RLIN) 15658
Personal name Martin, David
Relator term Author
942 ## - ADDED ENTRY ELEMENTS (KOHA)
Source of classification or shelving scheme Dewey Decimal Classification
Koha item type Circulation
Holdings
Withdrawn status Lost status Source of classification or shelving scheme Damaged status Not for loan Collection code Home library Current library Date acquired Source of acquisition Total Checkouts Full call number Barcode Date last seen Copy number Price effective from Koha item type
    Dewey Decimal Classification     Circulation UM Digos College - LIC UM Digos College - LIC 10/27/2004 Photocopied   DC 658.4 M31 2001 17891 10/01/2016 1 10/01/2016 Circulation
    Dewey Decimal Classification     Circulation UM Digos College - LIC UM Digos College - LIC 10/27/2004 Photocopied   DC 658.4 M31 2001 17892 10/01/2016 2 10/01/2016 Circulation
    Dewey Decimal Classification     Circulation UM Digos College - LIC UM Digos College - LIC 10/27/2004 Photocopied   DC 658.4 M31 2001 17893 10/01/2016 3 10/01/2016 Circulation